| 000 | 01070nam a2200265Ia 4500 | ||
|---|---|---|---|
| 003 | OSt | ||
| 005 | 20221005105348.0 | ||
| 006 | a|||||r|||| 00| 0 | ||
| 007 | ta | ||
| 008 | 221004b |||||||| |||| 00| 0 hin d | ||
| 020 |
_a9788189531249 (hbk) _cINR 350.00 |
||
| 024 | _a41911 | ||
| 037 |
_b1424, 11/03/2019, Shivanjali Prakashan & Book Seller _cTextual |
||
| 040 |
_aCRL _cCRL _bhin |
||
| 041 |
_2hin _ahin |
||
| 082 | _a4,42, 152Q5 | ||
| 100 | _aशास्त्री, धमेन्द्र, ले. | ||
| 245 | 0 | _aटेलीविजन प्रसारण की तकनीकी प्रक्रिया | |
| 246 | _aṬelīvijan prasāraṇ kī takanīkī prakriyā | ||
| 260 |
_aनई दिल्ली _bतेज प्रकाशन भारत _c2015 |
||
| 300 |
_a160पृ0 _ccm. |
||
| 650 | _aपत्रकारिता | ||
| 942 |
_h4,42, 152Q5 _cTEXL _2cc |
||
| 999 |
_c1015598 _d1015598 |
||